Central Library and Information Centre
Sibsagar Girls' College, Sivasagar : Assam

HISTORY OF EDUCATION IN INDIA (Record no. 2282)

MARC details
000 -LEADER
fixed length control field 00405cam a2200169ua 4500
008 - FIXED-LENGTH DATA ELEMENTS--GENERAL INFORMATION
fixed length control field 131126n1985 II |||gr||||Z||||||eng
040 ## - CATALOGING SOURCE
Original cataloging agency MAIN
041 ## - LANGUAGE CODE
-- English
082 ## - DEWEY DECIMAL CLASSIFICATION NUMBER
Classification number 370.54 SAI
100 ## - MAIN ENTRY--PERSONAL NAME
Personal name SAIKIA, SIDHESWAR.
245 ## - TITLE STATEMENT
Title HISTORY OF EDUCATION IN INDIA
260 ## - PUBLICATION, DISTRIBUTION, ETC.
Place of publication, distribution, etc. GUWAHATI
Name of publisher, distributor, etc. MANI MANIK PRAKASH
Date of publication, distribution, etc. 1985
300 ## - PHYSICAL DESCRIPTION
Extent 249:
Dimensions 21CM.
942 ## - ADDED ENTRY ELEMENTS (KOHA)
Koha item type Books
653 ## - INDEX TERM--UNCONTROLLED
Uncontrolled term Indian Education
Holdings
Withdrawn status Lost status Damaged status Not for loan Collection code Home library Current library Shelving location Date acquired Full call number Barcode Date last seen Copy number Price effective from Koha item type Public note
        TBASM Central Library and Information Centre Sibsagar Girls College Central Library and Information Centre Sibsagar Girls College ASSAMESE BOOK RACK 20.06.1970 370.54 SAI 02551 27.02.2020 1 27.02.2020 Books v


Sibsagar Girl's College © 2020. All rights reserved.
Powered by Koha.
Maintained by Abhijit Borpuzari.